000
00253nam a2200109Ia 4500
008
240624s9999 xx 000 0 und d
041
_a
eng
082
_a
920 MEH
100
_a
MEHTA VINOD
245
_a
SANJAY STORY
260
_c
2012
_a
Noida
_b
Harper Collins
999
_c
21500
_d
21500